000 00710nam a2200229Ia 4500
001 15440
003 GE_BSU
008 181216s||||||||xx |||||||||||||| ||und||
040 _cGE_BSU
080 _a821.353.1-32
100 _aჩადუნელი,იორამ
245 _aუცნობი მგზავრი
245 _bმოთხრობები
245 _cრედ. ნ.ჩირაძე. მხატვ.ს.ცინცაძე
260 _aთბილისი
260 _bნაკადული
260 _c1976
300 _a251გვ.19სმ.
653 _aმოთხრობები
653 _aუცნობი მგზავრი
942 _cBK
999 _c48543
_d48543